Entropy as a tangible conception (Record no. 1777)

000 -LEADER
fixed length control field 00374nam a22001457a 4500
008 - FIXED-LENGTH DATA ELEMENTS--GENERAL INFORMATION
fixed length control field 200203b ||||| |||| 00| 0 eng d
082 00 - DEWEY DECIMAL CLASSIFICATION NUMBER
Classification number 536.7
Item number W562
100 ## - MAIN ENTRY--PERSONAL NAME
9 (RLIN) 1388
Personal name Wheeler, S. G.
245 10 - TITLE STATEMENT
Title Entropy as a tangible conception
260 ## - PUBLICATION, DISTRIBUTION, ETC. (IMPRINT)
Place of publication, distribution, etc London
Name of publisher, distributor, etc Technical press
Date of publication, distribution, etc 1925
300 ## - PHYSICAL DESCRIPTION
Extent 76p.
365 ## - TRADE PRICE
Unit of pricing 5.12
650 #0 - SUBJECT ADDED ENTRY--TOPICAL TERM
Topical term or geographic name as entry element Thermodynamics
942 ## - ADDED ENTRY ELEMENTS (KOHA)
Item type Books
Holdings
Withdrawn status Lost status Source of classification or shelving scheme Damaged status Not for loan Permanent location Current location Date acquired Source of acquisition Full call number Barcode Date last seen Koha item type
          IMU Kolkata IMU Kolkata 1953-02-25 A. H. Wheeler 536.7 W562 01500 2020-02-03 Books
Designed and Maintained by IMU-KC Library, Kolkata Campus © Copyright All Rights Reserved

webs counters

Powered by Koha